|
|
|
|
| LEADER |
01097cam a2200277 7i4500 |
| 001 |
0000075470 |
| 005 |
20230227090000.0 |
| 020 |
|
|
|a 9781003328438 (electronic book)
|
| 090 |
0 |
0 |
|a LB1027
|b .D54 2023
|
| 245 |
0 |
0 |
|a Digital innovation for pandemics :
|b concepts, challenges, constraints, and opportunities
|c edited by Jasleen Kaur and Navjot Sidhu.
|
| 250 |
|
|
|a First edition.
|
| 264 |
|
|
|a Boca Raton, FL:
|b CRC Press,
|c 2023.
|
| 300 |
|
|
|a 1 online resource (vii, 230 pages):
|b text file, PDF.
|
| 336 |
|
|
|a text
|2 rdacontent
|
| 337 |
|
|
|a computer
|2 rdamedia
|
| 338 |
|
|
|a online resource
|2 rdacarrier
|
| 650 |
|
0 |
|a Education, Higher --
|x Technological innovations
|
| 650 |
|
0 |
|a COVID-19 Pandemic, 2020 --
|x Influence
|
| 650 |
|
0 |
|a Educational innovations
|
| 650 |
|
0 |
|a Business --
|x Technological innovations
|
| 655 |
|
0 |
|a Electronic books
|
| 700 |
1 |
|
|a Kaur, Jasleen
|
| 700 |
0 |
|
|a Sidhu, Navjot
|
| 856 |
4 |
2 |
|u http://library.unisel.edu.my/web/guest/mylibrary
|
| 997 |
|
|
|a Education & Social Sciences, Faculty
|b Education, Department
|
| 999 |
|
|
|a EBO0018785
|b EBOOK
|c EBOOK
|e Electronic resources
|